000 00940nam a22002531u 4500
001 12190
003 HDC
007 cr bn ---
008 210209p2002 my eng
040 _aHDC
100 _aLeong, Ah Chye,
_eauthor
_912632
245 0 _aNitrogen and potassium requirements of chinese cabbage (Brassica rapa L.) on oligotrophic peat /
_cby Leong Ah Chye and Salbiah Husin
260 _aSerdang :
_bMalaysian Agricultural Research and Development Institute (MARDI),
_c2002
300 _a1 page
336 _atext
_2rdacontent
337 _acomputer
_2rdamedia
338 _aonline resource
_2rdacarrier
650 _aChinese cabbage
_912633
650 _aNetted structure
_912634
856 _zRequest full-text at [email protected]
942 _2lcc
942 _cAR
942 _kJART 003033
999 _c9513
_d9513